Cat Breeds - Statistics

General Stats
  • This quiz has been taken 61 times
    7 since last reset
  • The average score is 5 of 14
Answer Stats
Picture Answer % Correct
Siamese
86%
Bengal
71%
Persian
71%
Russian Blue
71%
Sphynx
57%
British ShortHair
43%
Burmese
43%
Bombay
29%
Manx
29%
Lykoi
14%
Aegean
0%
Black Russians
0%
Himalayan
0%
White Russian
0%
No matching quizzes found
Score Distribution
Percent of People with Each Score
Percentile by Number Answered
Your Score History
You have not taken this quiz since the last reset